| 000 | | | 04516cmc2a2200000#x 450 |
| 001 | | | 5277e246-2e5e-4da1-a093-3bd85a854438 |
| 005 | | | 20210414104650.0 |
| 100 | ## | $a | 20150203l16871856k l0rusy0189 ca |
| 101 | 0# | $a | rus |
| 102 | ## | $a | RU |
| 200 | 1# | $a | Списки лиц, награжденных орденом Александра Невского с 1725 по 1840 гг., собранные К. М. Бороздиным |
| | $j | 1687-1856 гг. |
| 251 | ## | $c | Дело |
| 300 | ## | $a | Оригинальный заголовок дела: Списки лиц, награжденных орденом Александра Невского за время 1705-1840 гг. |
| 300 | ## | $a | Рукописный текст. Чернила |
| 801 | #0 | $a | RU |
| | $b | РГИА |
| | $c | 20150203 |
| 801 | #1 | $a | RU |
| | $b | ГлавНИВЦ |
| | $c | 20150203 |
| | $2 | rusmarc |
| 801 | #2 | $a | RU |
| | $b | ПБ им. Б.Н. Ельцина |
| | $c | 20151224 |
| | $g | RCR |
| | $2 | rusmarc |
| 850 | ## | $a | Федеральное казенное учреждение "Российский государственный исторический архив" (РГИА) |
| 852 | ## | $a | РГИА |
| | $j | 107 |
| 937 | ## | $h | РГИА |
| | $d | 12145430 |
| | $a | ASBIBLIO_SCAN |
| 462 | #0 | $1 | 00169648374-363e-4609-aa4b-93cc4d750e1c |
| | $1 | 2001 |
| | $a | 1687-1856 гг. |
| | $v | Д. 107 |
| | $1 | 251 |
| | $c | Опись |
| | $1 | 852 |
| | $j | 1 |
| 461 | #0 | $1 | 001b79b38e1-dfb9-420f-b29a-53e2ed7b935a |
| | $1 | 2001 |
| | $a | Бороздин Константин Матвеевич (1781-1848), археолог и историк |
| | $1 | 251 |
| | $c | Фонд |
| | $1 | 852 |
| | $j | 1681 |
| 215 | ## | $a | 85 листов |
| | $d | 36,5х26 см |
| 371 | ## | $a | Документ не является опубликованным и широко распространяемым |
| 105 | ## | $a | y### |
| 122 | 2# | $a | d1687###### |
| | $a | d1856###### |
| 035 | ## | $a | 5277e246-2e5e-4da1-a093-3bd85a854438 |
| 517 | 1# | $a | Списки лиц, награжденных орденом Александра Невского за время 1705-1840 гг. |
| 606 | 1# | $2 | prlib_sh |
| | $3 | LIBNET\UAF\0000094593 |
| | $a | Святого Александра Невского Орден |
| | $x | Кавалеры |
| | $j | Документы и материалы |
| 686 | ## | $2 | rubbk |
| | $a | 63.3(2)521 |
| | $v | LBC/M |
| 605 | ## | $2 | acquisition_Prlib |
| | $3 | LIBNET\UAF\0000094421 |
| | $a | Александр Невский |
| | $l | коллекция |